Das Geheimnis des Bösen: Tagung vom 25.-27.2.83 in der Ev. Akademie Hofgeismar
| Corporate Author: | |
|---|---|
| Format: | Print Book |
| Language: | German |
| Published: |
Hofgeismar
1983
|
| In: |
Protokoll / Evangelische Akademie Hofgeismar (202)
Year: 1983 |
| Availability in Tübingen: | Present in Tübingen. IFK: Q I 98 |
| Check availability: | HBZ Gateway |
| Subito Delivery Service: | Order now. |
| Keywords: |
MARC
| LEADER | 00000cam a22000002c 4500 | ||
|---|---|---|---|
| 001 | 1104331268 | ||
| 003 | DE-627 | ||
| 005 | 20220610124024.0 | ||
| 007 | tu | ||
| 008 | 930720s1983 xx ||||| 00| ||ger c | ||
| 035 | |a (DE-627)1104331268 | ||
| 035 | |a (DE-576)034331263 | ||
| 035 | |a (DE-599)BSZ034331263 | ||
| 035 | |a (OCoLC)312089468 | ||
| 035 | |a (DE-604)8034878513 | ||
| 040 | |a DE-627 |b ger |c DE-627 |e rakwb | ||
| 041 | |a ger | ||
| 245 | 0 | 4 | |a Das Geheimnis des Bösen |b Tagung vom 25.-27.2.83 in der Ev. Akademie Hofgeismar |c hrsg. v. d. Ev. Akademie Hofgeismar |
| 264 | 1 | |a Hofgeismar |c 1983 | |
| 300 | |a 94 S. | ||
| 336 | |a Text |b txt |2 rdacontent | ||
| 337 | |a ohne Hilfsmittel zu benutzen |b n |2 rdamedia | ||
| 338 | |a Band |b nc |2 rdacarrier | ||
| 490 | 1 | |a Protokoll / Evangelische Akademie Hofgeismar |v 202 | |
| 655 | 7 | |a Konferenzschrift |y 1983 |z Hofgeismar |0 (DE-588)1071861417 |0 (DE-627)826484824 |0 (DE-576)433375485 |2 gnd-content | |
| 689 | 0 | 0 | |d s |0 (DE-588)4007524-2 |0 (DE-627)104162554 |0 (DE-576)208870830 |a Das Böse |2 gnd |
| 689 | 0 | |5 (DE-627) | |
| 710 | 2 | |a Evangelische Akademie Kurhessen-Waldeck |0 (DE-588)2009712-8 |0 (DE-627)101665504 |0 (DE-576)191645893 |4 oth | |
| 810 | 2 | |a Evangelische Akademie Kurhessen-Waldeck |t Protokoll / Evangelische Akademie Hofgeismar |v 202 |9 202 |w (DE-627)129565040 |w (DE-576)015033902 |w (DE-600)223313-7 |7 am | |
| 951 | |a BO | ||
| ELC | |b 1 | ||
| LOK | |0 000 xxxxxcx a22 zn 4500 | ||
| LOK | |0 001 2211085024 | ||
| LOK | |0 003 DE-627 | ||
| LOK | |0 004 1104331268 | ||
| LOK | |0 005 20131106144717 | ||
| LOK | |0 008 930720||||||||||||||||ger||||||| | ||
| LOK | |0 040 |a DE-21-110 |c DE-627 |d DE-21-110 | ||
| LOK | |0 689 |a s |a Menschenbild | ||
| LOK | |0 852 |a DE-21-110 | ||
| LOK | |0 852 1 |c Q I 98 |m p |9 00 | ||
| LOK | |0 935 |a k110 | ||
| LOK | |0 936ln |a 2.1 | ||
| LOK | |0 938 |k p | ||
| LOK | |0 939 |a 20-07-93 |b l01 | ||
| ORI | |a SA-MARC-krimdoka001.raw | ||
| SIG | |a IFK: Q I 98 | ||
| TIM | |a 100019830101_100019831231 |b 1983 - 1983 | ||
